মূল্যবোধ ও মানবতা / (Record no. 2329)
[ view plain ]
| 000 -LEADER | |
|---|---|
| fixed length control field | 00815nam a2200229 a 4500 |
| 001 - CONTROL NUMBER | |
| JCCL Control Number | 2329 |
| 003 - CONTROL NUMBER IDENTIFIER | |
| JCCL marc code | BD-JhCC |
| 005 - DATE AND TIME OF LATEST TRANSACTION | |
| control field | 20171101212647.0 |
| 008 - FIXED-LENGTH DATA ELEMENTS--GENERAL INFORMATION | |
| fixed length control field | 171101s2005 bg |||| |||| 000 0 ben d |
| 035 ## - SYSTEM CONTROL NUMBER | |
| system control number | (BD-JhCC)2329 |
| 040 ## - CATALOGING SOURCE | |
| Original cataloging agency | BD-JhCC |
| Modifying agency | BD-JhCC |
| 041 ## - LANGUAGE CODE | |
| Language code of Book | ben |
| 082 ## - DEWEY DECIMAL CLASSIFICATION NUMBER | |
| Classification number | 121.8 |
| Author mark and Year | ISL 2005 |
| 100 ## - MAIN ENTRY--PERSONAL NAME | |
| Personal name | ইসলাম, আমিনুল |
| 245 ## - TITLE STATEMENT | |
| Title | মূল্যবোধ ও মানবতা / |
| Statement of responsibility, etc | ড. আমিনুল ইসলাম; এ বি এম শহিদুল ইসলাম (সম্পাদনা) |
| 260 ## - PUBLICATION, DISTRIBUTION, ETC. (IMPRINT) | |
| Place of publication, distribution, etc | ঢাকা : |
| Name of publisher, distributor, etc | উত্তরণ ; |
| Date of publication, distribution, etc | ২০০৫ |
| 300 ## - PHYSICAL DESCRIPTION | |
| Pagination | ২৭২ পৃ. ; |
| Dimensions | ২২ সে.মি. |
| 650 ## - SUBJECT ADDED ENTRY--TOPICAL TERM | |
| Topical term or geographic name as entry element | Social ethics |
| 650 ## - SUBJECT ADDED ENTRY--TOPICAL TERM | |
| Topical term or geographic name as entry element | Collection of Essays |
| 700 ## - ADDED ENTRY--PERSONAL NAME | |
| Personal name | ইসলাম, এ বি এম শহিদুল |
| 942 ## - ADDED ENTRY ELEMENTS (KOHA) | |
| Source of classification or shelving scheme | Dewey Decimal Classification |
| Koha item type | Books |
| Source of classification or shelving scheme | Damaged status | Not for loan | Home library | Current library | Shelving location | Date of accession | Total Checkouts | Full call number | Barcode | Date last seen | Copy number | Koha item type |
|---|---|---|---|---|---|---|---|---|---|---|---|---|
| Dewey Decimal Classification | JCC Rouf Library | JCC Rouf Library | General Stacks | 11/01/2017 | 121.8 ISL 2005 | 2930 | 02/16/2022 | C-1 | Books |